banner koha

First Report of Heterotermes longiceps (Blattodea: Rhinotermitidae) Termite in Teak Plantations (Registro n. 341282)

MARC details
000 -LÍDER
fixed length control field 01660nab a2200325 i 4500
003 - CÓDIGO MARC DA AGÊNCIA CATALOGADORA
Campo de controle BR-BrBNA
005 - DATA E HORA DA ÚLTIMA ATUALIZAÇÃO
Campo de controle 20260408062511.0
008 - CAMPO DE TAMANHO FIXO
fixed length control field 260408b2019 bl.qr|pooa||| 00| 0 eng |
040 ## - FONTE DA CATALOGAÇÃO
Agência catalogadora BR-BrBNA
Idioma da catalogação eng
072 ## - CATEGORIA AGRIS
Código AGRIS H10
Código do objeto 4020
072 ## - CATEGORIA AGRIS
Código do objeto 3285
100 ## - ENTRADA PRINCIPAL - NOME PESSOAL
Nome pessoal Fialho-Junior, Leonardo Leite
100 ## - ENTRADA PRINCIPAL - NOME PESSOAL
Nome pessoal Nascimento, Diego Arcanjo
100 ## - ENTRADA PRINCIPAL - NOME PESSOAL
Nome pessoal Santos, Isabel Carolina de Lima
100 ## - ENTRADA PRINCIPAL - NOME PESSOAL
Nome pessoal Peres-Filho, Otávio
100 ## - ENTRADA PRINCIPAL - NOME PESSOAL
Nome pessoal Santos, Alexandre dos
245 ## - TÍTULO PRINCIPAL
Título principal First Report of Heterotermes longiceps (Blattodea: Rhinotermitidae) Termite in Teak Plantations
500 ## - NOTA GERAL
Nota geral Publicação on-line; 22 ref.; 3 illus.; Summary (En)
942 ## - ADDED ENTRY ELEMENTS (KOHA)
Koha item type Analítica
520 ## - NOTA DE RESUMO
Nota de conteúdo <br/><br/>ABSTRACT<br/><br/>Heterotermes longiceps termites was observed causing injuries in Tectona grandis plants in a forest<br/>plantation in Cáceres, Mato Grosso, Brazil. H. longiceps caused galleries below the bark, at the<br/>heartwood-sapwood interface, from the beginning of the root until approximately 1 m height tall<br/>and very infested plants has died. This is the first report of H. longiceps damage in teak in Brazil.<br/><br/>Keywords: forest entomology, forest protection, Tectona grandis.
650 ## - ASSUNTO - THESAGRO
Cabeçalho tópico ou nome geográfico ENTOMOLOGIA
650 ## - ASSUNTO - THESAGRO
Cabeçalho tópico ou nome geográfico FLORESTA
650 ## - ASSUNTO - THESAGRO
Cabeçalho tópico ou nome geográfico PROTEÇÃO FLORESTAL
650 ## - ASSUNTO - THESAGRO
Cabeçalho tópico ou nome geográfico TECTONA GRANDIS
650 ## - ASSUNTO - THESAGRO
Cabeçalho tópico ou nome geográfico CUPIM
650 ## - ASSUNTO - THESAGRO
Cabeçalho tópico ou nome geográfico PRAGA DE PLANTA
773 0# - ENTRADA ANALÍTICA
Host Biblionumber 2929
Registro do item 347952
Imprenta Rio de Janeiro-RJ Instituto de Florestas - UFRRJ 1994
Outro identificador 2025-0451
Título Floresta e Ambiente (Brazil)
ISSN 1415-0980 / ISSN 2179-8087 0nline
Colação v. 26(3) p. 1-5; (2019)
Número de controle de registro BR2026000312
856 ## - ACESSO E ENDEREÇO ELETRÔNICO
Identificador uniforme de recurso - URI https://www.scielo.br/j/floram/a/KVFyjxq64v5sK53tmNYDbfM/?format=pdf&lang=en

Nenhum exemplar disponível.

BINAGRI

Telefone: (61)3218-2567/2388/3357/2097 - binagri@agro.gov.br

Ministério da Agricultura e Pecuária , Esplanada dos Ministérios, Bloco D, Anexo B, Brasília/DF, CEP: 70.043-900